| 000 | 00475nam a2200157 i 4500 | ||
|---|---|---|---|
| 001 | 70280 | ||
| 003 | ES-MaACL | ||
| 007 | t| | ||
| 008 | 040721s1947 sp ||||1| spa d | ||
| 100 | 1 |
_aGarcía Rigal, Juan. _955176 |
|
| 245 | 1 | 0 |
_aManantial / _cJuan García Rigal. |
| 260 |
_aValencia : _b[s.n., _c1947] ( _fImp. Diana) |
||
| 300 |
_a110 p. ; _c19 cm. |
||
| 505 | 8 | _aContiene: En el palacio del rey ; La desgracia y ladicha ; Igdrasil | |
| 852 |
_aES-MaACL _jE-972 _bR.26982 |
||
| 999 |
_c70280 _d70280 |
||